000 00525nam a2200229Ia 4500
003 IT-RoPAU
008 120407s9999 xx 000 0 und d
040 _aIT-RoPAU
040 _cIT-RoPAU
041 _aita
100 _aFerdinando Castelli
245 _aVolti di Gesù nella letteratura moderna
250 _aCinisello Balsamo
260 _aEdizioni Paoline
260 _c1987
300 _a583 p.
300 _c21 cm
490 _aDimensioni dello spirito, 21
490 _v1
942 _cBK
999 _c35883
_d35883